{"text_format":"3","workbook":"xlsx","n_sheets":2,"sheets":["SUMMARY","MATERIAL TAKE-OFF"],"not_rendered":{"charts":1,"images":3,"defined_names":3},"read":"whole","date_system":"1900"}

{"sheet":"SUMMARY","index":0,"n_rows":18,"n_cols":4,"rows_kept":18,"merged":[[12,0,12,1],[13,0,13,3],[17,0,17,1]]}
[]
["Project ID:"]
[]
["Address:"]
[]
["No. of Floors:",2]
[]
["Building GSF",2475]
[]
["DIVISION NO.","DESCRIPTION","TOTAL DIV. COST","TOTAL DIV. COST (PER SF)"]
[1000,"General Requirements",{"$f":"'MATERIAL TAKE-OFF'!P19","v":{"v":3932.066551876009,"d":"$3,932"}},{"$f":"C11/$B$8","v":{"v":1.588713758333741,"d":"$1.59"}}]
[7000,"Thermal And Moisture Protection",{"$f":"'MATERIAL TAKE-OFF'!P37","v":{"v":33238.09426776,"d":"$33,238"}},{"$f":"C12/$B$8","v":{"v":13.42953303747879,"d":"$13.43"}}]
["PROJECTED COST",null,{"$f":"SUM(C11:C12)","v":{"v":37170.16081963601,"d":"$37,170"}},{"$f":"SUM(D11:D12)","v":{"v":15.01824679581253,"d":"$15"}}]
[]
["OVERHEAD AND PROFIT",{"v":0.2,"d":"20%"},{"$f":"$C$13*B15","v":{"v":7434.032163927202,"d":"$7,434"}},{"$f":"$D$13*B15","v":{"v":3.003649359162506,"d":"$3"}}]
["INSURANCE",{"v":0.03,"d":"3%"},{"$f":"$C$13*B16","v":{"v":1115.1048245890802,"d":"$1,115"}},{"$f":"$D$13*B16","v":{"v":0.45054740387437586,"d":"$0"}}]
["CONTINGENCY",{"v":0.05,"d":"5%"},{"$f":"$C$13*B17","v":{"v":1858.5080409818006,"d":"$1,859"}},{"$f":"$D$13*B17","v":{"v":0.7509123397906265,"d":"$1"}}]
["SUGGESTED BASE BID",null,{"$f":"SUM(C13:C17)","v":{"v":47577.80584913409,"d":"$47,578"}},{"$f":"SUM(D13:D17)","v":{"v":19.223355898640037,"d":"$19"}}]

{"sheet":"MATERIAL TAKE-OFF","index":1,"n_rows":55,"n_cols":17,"rows_kept":55,"merged":[[2,10,2,11],[2,12,2,13],[3,10,3,11],[3,12,3,13],[4,10,4,11],[4,12,4,13],[5,10,5,11],[5,12,5,13],[6,10,6,11],[6,12,6,13],[7,10,7,11],[7,12,7,13],[10,1,10,14],[20,1,20,14],[22,1,35,1],[37,0,37,12],[38,0,38,13],[39,0,39,13],[40,0,40,13],[41,0,41,13],[42,0,42,12],[44,1,44,14]]}
[]
[]
["Project: "]
[]
["Address:"]
[]
["Scope:","Roofing"]
[]
["Date:"]
["SR #","REF","DESCRIPTION","QUANTITY","UNIT","WASTAGE","QUANTITY W/ WASTAGE","LABOR HOURS","WAGES","TOTAL LABOR  HOUR","TOTAL LABOUR COST","MATERIAL RATE","TOTAL MATETRIAL COST","EQUIPMENT RATE","TOTAL EQUIPMENT COSTS","SUB COST"]
[null,"01. GENERAL REQUIREMENTS"]
[1,null,"Supervision and Coordination",1,"LS",{"v":0,"d":"0%"},{"$f":"(F12*D12)+D12","v":{"v":1,"d":"1.00"}},{"$f":"2.5%*$Q$12/I12","v":{"v":15.915578561463324,"d":"15.916"}},{"v":52.21,"d":"$52.21"},{"$f":"H12*G12","v":{"v":15.915578561463324,"d":"15.92"}},{"$f":"I12*J12","v":{"v":830.9523566940002,"d":"$830.95"}},{"v":0,"d":"$0.00"},{"$f":"L12*G12","v":{"v":0,"d":"$0.00"}},{"v":0,"d":"$0.00"},{"$f":"N12*G12","v":{"v":0,"d":"$0.00"}},{"$f":"IF(D12=\"\",\"\",(K12+M12+O12))","v":{"v":830.9523566940002,"d":"$830.95"}},{"$f":"SUM(P23:P37)/2","v":{"v":33238.09426776,"d":"$33,238.09"}}]
[{"$f":"A12+1","v":2},null,"Submittals and Shop drawings",1,"LS",{"v":0,"d":"0%"},{"v":1,"d":"1.00"},{"$f":"1.65%*$Q$12/I13","v":{"v":10.504281850565794,"d":"10.504"}},{"v":52.21,"d":"$52.21"},{"v":10.504281850565794,"d":"10.50"},{"v":548.4285554180401,"d":"$548.43"},{"v":0,"d":"$0.00"},{"v":0,"d":"$0.00"},{"v":0,"d":"$0.00"},{"v":0,"d":"$0.00"},{"v":548.4285554180401,"d":"$548.43"}]
[3,null,"Final Cleaning",1,"LS",{"v":0,"d":"0%"},{"v":1,"d":"1.00"},{"$f":"0.85%*$Q$12/I14","v":{"v":5.41129671089753,"d":"5.411"}},{"v":52.21,"d":"$52.21"},{"v":5.41129671089753,"d":"5.41"},{"v":282.52380127596007,"d":"$282.52"},{"v":0,"d":"$0.00"},{"v":0,"d":"$0.00"},{"v":0,"d":"$0.00"},{"v":0,"d":"$0.00"},{"v":282.52380127596007,"d":"$282.52"}]
[4,null,"Mobilization Costs",1,"LS",{"v":0,"d":"0%"},{"v":1,"d":"1.00"},{"$f":"2.35%*$Q$12/I15","v":{"v":14.960643847775524,"d":"14.961"}},{"v":52.21,"d":"$52.21"},{"v":14.960643847775524,"d":"14.96"},{"v":781.0952152923601,"d":"$781.10"},{"v":0,"d":"$0.00"},{"v":0,"d":"$0.00"},{"v":0,"d":"$0.00"},{"v":0,"d":"$0.00"},{"v":781.0952152923601,"d":"$781.10"}]
[5,null,"Bond @ 2%",1,"LS",{"v":0,"d":"0%"},{"v":1,"d":"1.00"},{"$f":"2%*$Q$12/I16","v":{"v":12.732462849170659,"d":"12.732"}},{"v":52.21,"d":"$52.21"},{"v":12.732462849170659,"d":"12.73"},{"v":664.7618853552001,"d":"$664.76"},{"v":0,"d":"$0.00"},{"v":0,"d":"$0.00"},{"v":0,"d":"$0.00"},{"v":0,"d":"$0.00"},{"v":664.7618853552001,"d":"$664.76"}]
[6,null,"Temporary Control & Facilities",1,"LS",{"v":0,"d":"0%"},{"v":1,"d":"1.00"},{"$f":"0.98%*$Q$12/I17","v":{"v":6.238906796093622,"d":"6.239"}},{"v":52.21,"d":"$52.21"},{"v":6.238906796093622,"d":"6.24"},{"v":325.733323824048,"d":"$325.73"},{"v":0,"d":"$0.00"},{"v":0,"d":"$0.00"},{"v":0,"d":"$0.00"},{"v":0,"d":"$0.00"},{"v":325.733323824048,"d":"$325.73"}]
[7,null,"Scaffolding",1,"LS",{"v":0,"d":"0%"},{"v":1,"d":"1.00"},{"$f":"1.5%*$Q$12/I18","v":{"v":9.549347136877993,"d":"9.549"}},{"v":52.21,"d":"$52.21"},{"v":9.549347136877993,"d":"9.55"},{"v":498.5714140164,"d":"$498.57"},{"v":0,"d":"$0.00"},{"v":0,"d":"$0.00"},{"v":0,"d":"$0.00"},{"v":0,"d":"$0.00"},{"v":498.5714140164,"d":"$498.57"}]
[{"$f":"IF(E19=0,\"\",1+MAX(#REF!))","v":""},{"$nulls":13},"SUBTOTAL",{"$f":"SUM(P12:P18)","v":{"v":3932.066551876009,"d":"$3,932.07"}}]
[{"$f":"IF(E20=0,\"\",1+MAX(A19:A19))","v":""}]
[{"$f":"IF(E21=0,\"\",1+MAX(A19:A20))","v":""},"07. THERMAL AND MOISTURE PROTECTION"]
[{"$f":"IF(E22=0,\"\",1+MAX(A19:A21))","v":""},null,"Roofing"]
[{"$f":"IF(D23=0,\"\",1+MAX(A$12:A22))","v":8},"A-250\nA-210\nA-300\nA-301","60 MIL TPO Roofing Membrane",{"v":1963.44,"d":"1,963.44"},"SF",{"v":0.1,"d":"10%"},{"$f":"(F23*D23)+D23","v":{"v":2159.784,"d":"2159.78"}},0.05,{"v":42.56,"d":"$42.56"},{"$f":"H23*G23","v":{"v":107.98920000000001,"d":"107.99"}},{"$f":"I23*J23","v":{"v":4596.0203520000005,"d":"$4,596.02"}},{"v":6.1,"d":"$6.10"},{"$f":"L23*G23","v":{"v":13174.6824,"d":"$13,174.68"}},{"v":0,"d":"$0.00"},{"$f":"N23*G23","v":{"v":0,"d":"$0.00"}},{"$f":"IF(D23=\"\",\"\",(K23+M23+O23))","v":{"v":17770.702752,"d":"$17,770.70"}}]
[{"$f":"IF(D24=0,\"\",1+MAX(A$12:A32))","v":17},null,"Single-Ply Membrane Roofing System",161.05,"SF",{"v":0.1,"d":"10%"},{"$f":"(F24*D24)+D24","v":{"v":177.155,"d":"177.16"}},0.05,{"v":42.56,"d":"$42.56"},{"$f":"H24*G24","v":{"v":8.857750000000001,"d":"8.86"}},{"$f":"I24*J24","v":{"v":376.98584000000005,"d":"$376.99"}},{"v":6.1,"d":"$6.10"},{"$f":"L24*G24","v":{"v":1080.6454999999999,"d":"$1,080.65"}},{"v":0,"d":"$0.00"},{"$f":"N24*G24","v":{"v":0,"d":"$0.00"}},{"$f":"IF(D24=\"\",\"\",(K24+M24+O24))","v":{"v":1457.63134,"d":"$1,457.63"}}]
[{"$f":"IF(D25=0,\"\",1+MAX(A$12:A24))","v":18},null,"Prefinished Standing Seam Metal Roof\r\nColor: Match SW Color #6871, Positive Red",217.38,"SF",{"v":0.1,"d":"10%"},{"$f":"(F25*D25)+D25","v":{"v":239.118,"d":"239.12"}},{"v":0.185,"d":"0.19"},{"v":42.56,"d":"$42.56"},{"$f":"H25*G25","v":{"v":44.23683,"d":"44.24"}},{"$f":"I25*J25","v":{"v":1882.7194848,"d":"$1,882.72"}},{"v":5.98,"d":"$5.98"},{"$f":"L25*G25","v":{"v":1429.9256400000002,"d":"$1,429.93"}},{"v":0,"d":"$0.00"},{"$f":"N25*G25","v":{"v":0,"d":"$0.00"}},{"$f":"IF(D25=\"\",\"\",(K25+M25+O25))","v":{"v":3312.6451248000003,"d":"$3,312.65"}}]
[{"$f":"IF(D26=0,\"\",1+MAX(A$12:A32))","v":19},null,"30 LB Felt Membrane At Roof",{"v":2341,"d":"2,341.00"},"SF",{"v":0.1,"d":"10%"},{"$f":"(F26*D26)+D26","v":{"v":2575.1,"d":"2575.10"}},{"v":0.006,"d":"0.01"},{"v":42.56,"d":"$42.56"},{"$f":"H26*G26","v":{"v":15.4506,"d":"15.45"}},{"$f":"I26*J26","v":{"v":657.577536,"d":"$657.58"}},{"v":0.34,"d":"$0.34"},{"$f":"L26*G26","v":{"v":875.534,"d":"$875.53"}},{"v":0,"d":"$0.00"},{"$f":"N26*G26","v":{"v":0,"d":"$0.00"}},{"$f":"IF(D26=\"\",\"\",(K26+M26+O26))","v":{"v":1533.111536,"d":"$1,533.11"}}]
[{"$f":"IF(D27=0,\"\",1+MAX(A$19:A23))","v":""},null,"Flashing & Metal "]
[{"$f":"IF(D28=0,\"\",1+MAX(A$12:A27))","v":10},null,"Prefinished Galv. Metal Coping ",232.99,"LF",{"v":0.1,"d":"10%"},{"$f":"(F28*D28)+D28","v":{"v":256.289,"d":"256.29"}},{"v":0.044,"d":"0.04"},{"v":42.56,"d":"$42.56"},{"$f":"H28*G28","v":{"v":11.276715999999999,"d":"11.28"}},{"$f":"I28*J28","v":{"v":479.93703295999995,"d":"$479.94"}},{"v":4.12,"d":"$4.12"},{"$f":"L28*G28","v":{"v":1055.91068,"d":"$1,055.91"}},{"v":0,"d":"$0.00"},{"$f":"N28*G28","v":{"v":0,"d":"$0.00"}},{"$f":"IF(D28=\"\",\"\",(K28+M28+O28))","v":{"v":1535.8477129599999,"d":"$1,535.85"}}]
[{"$f":"IF(D29=0,\"\",1+MAX(A$12:A28))","v":11},null,"Metal Drip Edge",232.99,"LF",{"v":0.1,"d":"10%"},{"v":256.289,"d":"256.29"},{"v":0.038,"d":"0.04"},{"v":42.56,"d":"$42.56"},{"v":9.738982,"d":"9.74"},{"v":414.49107392,"d":"$414.49"},{"v":3.58,"d":"$3.58"},{"v":917.5146199999999,"d":"$917.51"},{"v":0,"d":"$0.00"},{"v":0,"d":"$0.00"},{"v":1332.0056939199999,"d":"$1,332.01"}]
[{"$f":"IF(D30=0,\"\",1+MAX(A$12:A29))","v":12},null,"Cont. Galv. Metal Cleat",232.99,"LF",{"v":0.1,"d":"10%"},{"v":256.289,"d":"256.29"},{"v":0.042,"d":"0.04"},{"v":42.56,"d":"$42.56"},{"v":10.764138,"d":"10.76"},{"v":458.12171328000005,"d":"$458.12"},{"v":3.89,"d":"$3.89"},{"v":996.96421,"d":"$996.96"},{"v":0,"d":"$0.00"},{"v":0,"d":"$0.00"},{"v":1455.08592328,"d":"$1,455.09"}]
[{"$f":"IF(D31=0,\"\",1+MAX(A$12:A36))","v":15},null,"Sealent At Perimeter Of Wall",232.99,"LF",{"v":0.1,"d":"10%"},{"v":256.289,"d":"256.29"},{"v":0.025,"d":"0.03"},{"v":42.56,"d":"$42.56"},{"v":6.407225,"d":"6.41"},{"v":272.69149600000003,"d":"$272.69"},{"v":0.5,"d":"$0.50"},{"v":128.1445,"d":"$128.14"},{"v":0,"d":"$0.00"},{"v":0,"d":"$0.00"},{"v":400.835996,"d":"$400.84"}]
[{"$f":"IF(D32=0,\"\",1+MAX(A$12:A31))","v":16},null,"4x Cant Strip",224.34,"LF",{"v":0.1,"d":"10%"},{"v":246.774,"d":"246.77"},0.03,{"v":42.56,"d":"$42.56"},{"v":7.40322,"d":"7.40"},{"v":315.0810432,"d":"$315.08"},{"v":0.8,"d":"$0.80"},{"v":197.41920000000002,"d":"$197.42"},{"v":0,"d":"$0.00"},{"v":0,"d":"$0.00"},{"v":512.5002432,"d":"$512.50"}]
[{"$f":"IF(E33=0,\"\",1+MAX(A20:A24))","v":""},null,"Roof Drainage"]
[{"$f":"IF(D34=0,\"\",1+MAX(A$12:A33))","v":20},null,"Prefinished Mtl. Downspout & 24 GA. Mtl  Leaderhead\r\nFinish: Paint Dark Bronzie",44.36,"LF",{"v":0.1,"d":"10%"},{"$f":"(F34*D34)+D34","v":{"v":48.796,"d":"48.80"}},0.06,{"v":42.56,"d":"$42.56"},{"$f":"H34*G34","v":{"v":2.9277599999999997,"d":"2.93"}},{"$f":"I34*J34","v":{"v":124.60546559999999,"d":"$124.61"}},{"v":5.74,"d":"$5.74"},{"$f":"L34*G34","v":{"v":280.08904,"d":"$280.09"}},{"v":0,"d":"$0.00"},{"$f":"N34*G34","v":{"v":0,"d":"$0.00"}},{"$f":"IF(D34=\"\",\"\",(K34+M34+O34))","v":{"v":404.6945056,"d":"$404.69"}}]
[{"$f":"IF(D35=0,\"\",1+MAX(A$12:A30))","v":13},null,"Prefinished Mtl. Overflow Scupper\r\nPaint Dark Bronze",{"v":3,"d":"3.00"},"EA",{"v":0,"d":"0%"},{"$f":"(F35*D35)+D35","v":{"v":3,"d":"3.00"}},{"v":4.572,"d":"4.57"},{"v":42.56,"d":"$42.56"},{"$f":"H35*G35","v":{"v":13.716000000000001,"d":"13.72"}},{"$f":"I35*J35","v":{"v":583.75296,"d":"$583.75"}},{"v":399.95,"d":"$399.95"},{"$f":"L35*G35","v":{"v":1199.85,"d":"$1,199.85"}},{"v":0,"d":"$0.00"},{"$f":"N35*G35","v":{"v":0,"d":"$0.00"}},{"$f":"IF(D35=\"\",\"\",(K35+M35+O35))","v":{"v":1783.60296,"d":"$1,783.60"}}]
[{"$f":"IF(D36=0,\"\",1+MAX(A$12:A35))","v":14},null,"Prefinished Mtl Emergency Overflow Scupper",{"v":3,"d":"3.00"},"EA",{"v":0,"d":"0%"},{"$f":"(F36*D36)+D36","v":{"v":3,"d":"3.00"}},{"v":4.461,"d":"4.46"},{"v":42.56,"d":"$42.56"},{"$f":"H36*G36","v":{"v":13.383000000000001,"d":"13.38"}},{"$f":"I36*J36","v":{"v":569.5804800000001,"d":"$569.58"}},{"v":389.95,"d":"$389.95"},{"$f":"L36*G36","v":{"v":1169.85,"d":"$1,169.85"}},{"v":0,"d":"$0.00"},{"$f":"N36*G36","v":{"v":0,"d":"$0.00"}},{"$f":"IF(D36=\"\",\"\",(K36+M36+O36))","v":{"v":1739.43048,"d":"$1,739.43"}}]
[{"$f":"IF(E37=0,\"\",1+MAX(A34:A36))","v":""},{"$nulls":13},"SUBTOTAL",{"$f":"SUM(P22:P36)","v":{"v":33238.09426776,"d":"$33,238.09"}}]
[]
["PROJECTED COST",{"$nulls":14},{"$f":"SUM(P11:P38)/2","v":{"v":37170.16081963601,"d":"$37,170"}}]
["OVERHEAD AND PROFIT",{"$nulls":13},{"v":0.2,"d":"20%"},{"$f":"$P$39*O40","v":{"v":7434.032163927202,"d":"$7,434"}}]
["INSURANCE",{"$nulls":13},{"v":0.03,"d":"3%"},{"$f":"$P$39*O41","v":{"v":1115.1048245890802,"d":"$1,115"}}]
["CONTINGENCY",{"$nulls":13},{"v":0.05,"d":"5%"},{"$f":"$P$39*O42","v":{"v":1858.5080409818006,"d":"$1,859"}}]
["SUGGESTED BID",{"$nulls":14},{"$f":"SUM(P39:P42)","v":{"v":47577.80584913409,"d":"$47,578"}}]
["NOTES:"]
[null,"General Notes: The prices used while preparing the estimate were taken from RSMeans online i.e. the standard pricing. So, it is preferred to review the prices."]
[]
[null,null,"Note",{"$nulls":9},"Legend"]
[null,1,"The drawings are scaled as per the mentioned scales on the plans.",{"$nulls":9},"LBS = Pound "]
[{"$nulls":12},"SF= Square Feet"]
[{"$nulls":12},"LF = Linear Feet"]
[{"$nulls":12},"EA = Each"]
[{"$nulls":12},"CY = Cubic Yard"]
[{"$nulls":12},"SY = Square Yard"]
[{"$nulls":12},"LOC = Location"]
[{"$nulls":12},"LS = Lum Sum"]